000 00450nam a2200217Ia 4500
003 IT-RoPAU
008 120407s9999 xx 000 0 und d
040 _aIT-RoPAU
040 _cIT-RoPAU
041 _aita
100 _aPietro M. Lustrissimi
245 _aLa mariologia nel secolo XIX.
250 _aRoma
260 _aMarianum
260 _c1964
300 _a178 p.
300 _c24 cm
490 _v1
942 _cBK
999 _c27346
_d27346